000 00704nam a22002297a 4500
003 UA-OsUOA
001 40155
007 ta
008 20060717b un ||||| |||| 00| 0 ukr d
090 _a339.727.22(075.8)
_bМ58
942 _cBK
040 _aUA-OsUOA
_bukr
_cUA-OsUOA
_dUA-OsUOA
245 _aМіжнародна інвестиційна діяльність
_bПідручник
_cЛукяненко Д. Г., Губський Б. В., Мозговий О. М.
300 _a387 с.
955 _a2
041 _aukr
080 _a339.727.22(075.8)
020 _a966-574-427-5
260 _aК.
_bКНЕУ
_c2003
650 7 _a339.7 Міжнародні фінанси
_2UDC
999 _c326296
_d326296